000 00427nam a22001337a 4500
999 _c19015
_d19015
008 210708b xxu||||| |||| 00| 0 eng d
020 _a0988479708
050 _aHD62.5
_b.J64 2013 c.1
100 _aJohnson, Kevin D.
245 _aThe Entrepreneur Mind
_b100 essential beliefs, characteristics, and habits of elite entrepreneurs
_cKevin D. Johnson
260 _aAtlanta
_bJohnson
_c2013
300 _a254p.
942 _2lcc
_cBK